Penn State Quiz - Statistics

General Stats
  • This quiz has been taken 162 times
  • The average score is 12 of 21
Answer Stats
Clue Answer % Correct
Mascot Nittany Lion
97%
City main campus is next to State College
93%
Stadium Beaver Stadium
92%
Football Conference Big Ten
80%
Current football coach James Franklin
80%
One of the loop buses Blue Loop or White Loop
76%
Rival Ohio State
76%
City main campus is located in University Park
68%
Name of Library Patee/Paterno
62%
Famous building Old Main
60%
Freshman Only Housing Area East Halls
54%
Main street College Ave
53%
Name of the business school Smeal
49%
Original colors Pink and Black
48%
Other main street Beaver Ave
44%
Famous photo opp Nittany Lion Shrine
42%
Newspaper The Daily Collegian
40%
Bar where you go on your 21st The Phyrst
38%
Student Union The HUB
33%
Biggest online blog Onward State
31%
Street that is akin to a mountain Shortlidge
12%
No matching quizzes found
Score Distribution
Percent of People with Each Score
Percentile by Number Answered
Your Score History
You have not taken this quiz